Staff training management in the kompong thom agricultural department, ការគ្រប់គ្រងការងារបណ្ដុះបណ្ដាលបុគ្គលិកក្នុងមន្ទីកសិកម្ម ខេត្តកំពង់ធំ. (Record no. 4390)

000 -LEADER
fixed length control field 00670nam a22001577a 4500
003 - CONTROL NUMBER IDENTIFIER
control field OSt
005 - DATE AND TIME OF LATEST TRANSACTION
control field 20151211142855.0
008 - FIXED-LENGTH DATA ELEMENTS--GENERAL INFORMATION
fixed length control field 151211b xxu||||| |||| 00| 0 eng d
040 ## - CATALOGING SOURCE
Transcribing agency RUA
082 ## - DEWEY DECIMAL CLASSIFICATION NUMBER
Classification number ATMs OL 2004 B210 Or.1
100 ## - MAIN ENTRY--PERSONAL NAME
9 (RLIN) 4710
Personal name OL ELINY; អុល អេលីនី
245 ## - TITLE STATEMENT
Title Staff training management in the kompong thom agricultural department, ការគ្រប់គ្រងការងារបណ្ដុះបណ្ដាលបុគ្គលិកក្នុងមន្ទីកសិកម្ម ខេត្តកំពង់ធំ.
260 ## - PUBLICATION, DISTRIBUTION, ETC. (IMPRINT)
Place of publication, distribution, etc. Phnom Penh
Name of publisher, distributor, etc. RUA
Date of publication, distribution, etc. 2004
300 ## - PHYSICAL DESCRIPTION
Extent vii; 39p.
Other physical details ill.
Dimensions 29cm.
942 ## - ADDED ENTRY ELEMENTS (KOHA)
Source of classification or shelving scheme
Koha item type ATM.s
Holdings
Price effective from Date last seen Permanent Location Not for loan Date acquired Source of classification or shelving scheme Koha item type Barcode Lost status Damaged status Shelving location Withdrawn status Current Location Full call number
2015-12-112015-12-11Library Block B 2015-12-11 ATM.sRUA016903  B210 Library Block BATMs OL 2004 B210 Or.1
2015-12-112015-12-11Library Block B 2015-12-11 ATM.sRUA016969  B210 Library Block BATMs OL 2004 B210 Or.2
2015-12-112015-12-11Library Block B 2015-12-11 ATM.sRUA016973  B210 Library Block BATMs OL 2004 B210 Or.3
2015-12-112015-12-11Library Block B 2015-12-11 ATM.sRUA016977  B210 Library Block BATMs OL 2004 B210 Or.4
2015-12-112015-12-11Library Block B 2015-12-11 ATM.sRUA016827  B210 Library Block BATMs OL 2004 B210 Or.5
2015-12-112015-12-11Library Block B 2015-12-11 ATM.sRUA038265  B210 Library Block BATMs OL 2004 B210 Or.6
2015-12-112015-12-11Library Block B 2015-12-11 ATM.sRUA033760  B210 Library Block BATMs OL 2004 B210 Or.7
2015-12-112015-12-11Library Block B 2015-12-11 ATM.sRUA034615  B210 Library Block BATMs OL 2004 B210 Or.8
2015-12-112015-12-11Library Block B 2015-12-11 ATM.sRUA033950  B210 Library Block BATMs OL 2004 B210 Or.9
មជ្ឈមណ្ឌលឯការនៃសាកលវិទ្យាល័យភូមិន្ទកសិកម្មចំការដូង

Powered by Koha